Accounting standards : original pronouncements : issued through June 1973

Αποθηκεύτηκε σε:
Λεπτομέρειες βιβλιογραφικής εγγραφής
Συγγραφή απο Οργανισμό/Αρχή: American Institute of Certified Public Accountants
Μορφή: Βιβλίο
Γλώσσα:English
Δημοσίευση: Stamford : Financial Accounting Standards Board, 1985
Θέματα:
Ετικέτες: Προσθήκη ετικέτας
Δεν υπάρχουν, Καταχωρήστε ετικέτα πρώτοι!

MARC

LEADER 00000cam a2200000 i 4500
001 1/61853
008 000614s1985 eng d
035 |l 10028968 
040 |a GR-MY-UA  |b gre  |e aacr 
041 0 |a eng 
082 0 |a 657.0218 
245 1 0 |a Accounting standards :  |b original pronouncements : issued through June 1973 
260 |a Stamford :   |b Financial Accounting Standards Board,   |c 1985 
300 |a 2τ. 
500 |a 1985-86 edition distributed by McGraw-Hill 
650 0 0 |a Accounting  |x Standards. 
710 2 |a American Institute of Certified Public Accountants. 
852 |a INST  |b CHIOS  |e 20000614  |h 657.0218 ACC  |p N10023343  |q N10023343  |t BK  |y 12 
922 |a 2ΕΛΗ  |b 198511  |c ΤΔΕ  |d LEADER BOOKS 
970 |a ΠΟΥΛΑΚΗ  |b ΣΤΕΛΛΑ  |z 2000/07/03